000 00421cam a2200169ua 4500
020 _c21.00
041 _aeng
_h
082 _a823.301
_bLIN/CH
100 _aLindner, Gert .
245 _aChildren`s book of make and do /
_cGert Lindner.
_hTextual Documents
260 _aLondon :
_bPheonix House Limited ,
_c1959.
300 _a231 ; .
365 _a21.00
504 _a
942 _cBK
999 _c7826
_d7826